000 00598nam a2200241Ia 4500
008 160319s9999 xx 000 0 und d
020 _a9716300433
050 _aFil 920
050 _bJ83a 1995
100 _aJose, Vivencio R.
245 _aAntonio Luna /
245 _cVivencio R. Jose.
260 _aManila :
260 _bTahanan Books for Young Readers
260 _c1995
300 _a31 pages :
300 _billustrations :
300 _c26 cm.
440 _aGreat lives.
440 _vvol. 6
650 _aLuna, Antonio, 1866-1899 --
650 _xJuvenile literature.
999 _c292332
_d292332